| 000 | 01655nam a22003737i 4500 | ||
|---|---|---|---|
| 003 | EG-ScBUE | ||
| 005 | 20260512092747.0 | ||
| 008 | 100819t1993 ua ab frb 000 0 eng d | ||
| 017 | _a1993 / 10678 | ||
| 020 | _a9770512435 | ||
| 040 |
_aEG-ScBUE _bara _erda _cEG-ScBUE _dEG-ScBUE |
||
| 043 | _af-ua | ||
| 082 | 0 | 4 |
_a531.6 _bد ى ب _222 |
| 100 | 1 |
_917532 _aالديب، محمد محمود إبراهيم، _eمؤلف. |
|
| 245 | 1 | 0 |
_aالطاقة في مصر : _bدراسة تحليلية فى إقتصاديات المكان / _cدكتور محمد محمود إبراهيم الديب، رئيس قسم الجغرافيا، كلية الآداب، عين شمس. |
| 264 | 1 |
_aالقاهرة : _bمكتبة الأنجلو المصرية، _c[1993] |
|
| 264 | 4 | _cتاريخ حق النشر 1993 | |
| 300 |
_aث، 959 صفحة : _bجداول، خرائط ؛ _c25 سم. |
||
| 336 |
_2rdacontent _aنص _btxt |
||
| 337 |
_aبدون وسيط _2rdamedia _bn |
||
| 338 |
_aمجلد _bnc _2rdacarrier |
||
| 490 | 0 | _aصناعات مصر | |
| 500 | _aيشتمل على قائمة بالتصويبات. | ||
| 500 | _aيشتمل على ملاحق. | ||
| 504 | _aيشتمل على إرجاعات ببليوجرافية. | ||
| 650 | 7 |
_917536 _aالطاقة _zمصر. _2BUEsh |
|
| 650 | 7 |
_917537 _aالطاقة _xتحويل _zمصر. _2BUEsh |
|
| 650 | 7 |
_917538 _aالطاقة _xنقل وتوزيع _zمصر. _2BUEsh |
|
| 650 | 7 |
_917539 _aالطاقة البترولية _zمصر. _2BUEsh |
|
| 650 | 7 |
_917540 _aالطاقة الكهربائية _zمصر. _2BUEsh |
|
| 650 | 7 |
_917541 _aطاقة الفحم _zمصر. _2BUEsh |
|
| 655 | _vReading book | ||
| 942 |
_2ddc _cBB |
||
| 999 |
_c14676 _d14676 |
||